LEADER 01200nam a2200265 4500 001 000000357283 003 CaOOAMICUS 005 20240220134651.0 008 240220s1821 it 000 u ita r 026 $et-e- o!o; e.e, DeCh (7) 1821 (A) 040 $aSeMil$bita 100 11$aPoggiali, Cristoforo,$d<1721-1811>.$0(OLS)http://semarc/name/119213 245 10$aProverbj motti e sentenze ad uso ed istruzione del popolo di Cristoforo Poggiali. Centurie 24. 264 1$aPiacenza :$bdai torchj del Majno,$c1821. 300 $a[4], 288 p. ;$c16° 500 $aSegn.: ??² 1-18/? 650 4$aProverbi - Repertori.$0(OLS)http://semarc/subject/342 650 4$aAforismi e sentenze - Repertori.$0(OLS)http://semarc/subject/341 700 1 $aMajno,$c.$0(OLS)http://semarc/name/3097 850 $aSeMil 852 $aSeMil$W1$xVenegono$y1$m1O III 19 FA$j246379$B248463$CSeMilBibl$Z2$F248463 $8I 941 1 $a10 996 $6245$aProverbj motti e sentenze ad uso ed istruzione del popolo di Cristoforo Poggiali. Centurie 24$9(OLS)http://semarc/title/447508 996 $6264$aPiacenza :$bdai torchj del Majno$9(OLS)http://semarc/publisher/43699 LEADER 00556nab a2200145 i 4500 001 000000281243 003 CaOOAMICUS 005 20140707000000.0 008 140707n xx uu u0 0und r 013 $a33720 040 $aSeMil$bita 245 13$aLa Chiesa narra l'incontro. - 16 p. - Titolo principale dalla prima pagina. 500 $a29 giugno 2014. 773 0 $t[2014 : Gennaio-Giugno].$dBologna : Centro Editoriale Dehoniano, 2014.$w()227150 996 $6245$aLa Chiesa narra l'incontro. - 16 p. - Titolo principale dalla prima pagina.$9(OLS)http://semarc/title/363899